Islands of ASOIAF - Statistics

General Stats
  • This quiz has been taken 33 times
  • The average score is 13 of 25
Answer Stats
Hint Answer % Correct
Off the west coast of the North, known for their fierce warrior women Bear Island
81%
Primary Island home to the shaggy men of the shivering sea, north of Essos Ib
81%
Seat of House Greyjoy Pyke
81%
Former seat of the next in line of the Targaryen bloodline Dragonstone
77%
Also known as the isle of butterflies, home of Missandei Naath
77%
Seat of House Velaryon Driftmark
73%
Also called the Sapphire Isles, ruled by the Evenstar Tarth
73%
One of the Free cities, known for their Pleasure Houses Lys
69%
Island of Cannibals off the east coast of the North, Rickon might be here Skagos
69%
One of the Free cities, ruled by an Archon Tyrosh
69%
Off the coast of the Reach, known for their rich gold wines Arbor
65%
Historic Island in the Iron Islands, location of the kingsmoot Old Wyk
65%
Largest Island in the Iron Islands Great Wyk
58%
Off the west coast of the Westerlands, often target of the iron born. Stannis smashed Victarion here. Fair Isle
50%
Part of the Iron Islands, home of the Ten Towers Harlaw
50%
One of the Free Cities, former home of the maze makers Lorath
50%
Collection of isles to the far east, off the north coast of Essos. Corlys Velaryon is the only known Westerosi to have visited here Thousand Islands
42%
Seat of House Celtigar Claw Isle
38%
Largest Island in the Stepstones Bloodstone
31%
Small Island off the coast of the Crownsland, home of many penitent men of the Seven Quiet Isle
31%
Tiny Island wiped out by the inhabitants of the former Skane
31%
Largest known island in ASOIAF canon Great Moraq
23%
Small isolated island to the east of the former Far Ib
15%
Population of island was completely erased during the Doom of Valyria, now only inhabited by monkeys. Victarion docked the Iron Fleet off the coast of here during the events of ADWD. Isle of Cedars
12%
Located in the Basilisk Isles, home of the Toad Stone Isle of Toads
8%
No matching quizzes found
Score Distribution
Percent of People with Each Score
Percentile by Number Answered
Your Score History
You have not taken this quiz